000 00740nam a2200265Ia 4500
001 Z_1512
003 CHAP
008 220113s1990 xx 000 0 und d
010 _a164602
040 _cCHAP
090 _aTesis M 724
100 _aMendoza Castillo, Hipólito
_974623
245 _aLa ganadería bovina en el estado de Yucatán /
_cpor Hipólito Mendoza Castillo
260 _aChapingo, Méx. :
_bEl Autor,
_c1990
300 _a133 h.
502 _aTesis (Ing. Agr. Esp. en Zootecnia) -- UACH. Departamento de Zootecnia
650 _aGanadería
_xYucatán
_944861
650 _aGanado vacuno
_xYucatán
_945525
901 _aTESIS M 724
902 _aM
910 _a1990
942 _c2
942 _c2
999 _c164602
_d164602